000 02183nam a2200349 i 4500
003 DO-SdBNP
005 20260304100940.0
007 ta
008 111031s2015 dr a 001 0 spa d
020 _a9789945587074
040 _aDO-SdBNP
_bspa
_cBNPHU
_erda
041 _aspa
082 4 _a972.93054
_bA185 2015
_222
100 1 _aAcosta Matos, Eliades,
_d1959-
_eautor
_974479
_4aut.
245 1 0 _a1963 :
_bde la guerra mediática al golpe de estado /
_cEliades Acosta Matos.
246 1 2 _a Mil novecientos sesenta y tres :
_bde la guerra mediática a golpe de estado
264 4 _aSanto Domingo, República Dominicana :
_bFundación Juan Bosch,
_c©2015.
300 _a655 páginas :
_bfacsímiles ;
_c23 cm.
336 _atexto
_btxt
_2rdacontent
337 _asin mediación
_bn
_2rdamedia
338 _avolumen
_bnc
_2rdacarrier
490 0 _aJuan Bosch vive
_v15
500 _aIncluye referencias bibliográficas y notas al pie de las páginas
500 _aIncluye índice onomástico
500 _aIncluye datos biográficos del autor en la solapa de la cubierta
505 _aCapítulo I. Guerra fría y medios calientes 11 -- Capítulo II. ''[...] cuidado con alejarse demasiado'' 65 -- Capítulo III. Castigando con mano dura la insolencia 113 -- Capítulo IV. La utopía desde arriba 147 -- Capítulo V. Un diciembre decisivo y otros frentes ideológicos 211 -- Capítulo VI. El hombre de la calle y una agitada transición 257 -- Capítulo VII. Las alertas rojas 299 -- Capítulo VIII. ''¡Téngase miedo, Sr. Presidente!'' 339 -- Capítulo IX. La aplanadora y la cultivadora 383 -- Capítulo X. Medo a la coletilla fantasma 423 -- Capítulo XI. ''Una prensa libre, honesta y responsable...'' 465 -- Capítulo XII. Las revoluciones no son obra de Mickey Mouse 501 -- Capítulo XIII. ''[...] Los hombres de prensa libre dimos la batalla y la hemos ganado [...]'' 545 -- Anexos 595 -- Índice onomástico 645
590 _aInventariado, 2023/ YL
651 4 _aRepública Dominicana
_xHistoria
_yGolpe de Estado, 1963
_934712
651 4 _aRepública Dominicana
_xHistoria
_y1963
_989117
910 _aYLockward/Validado. Control de calidad MFF
942 _2ddc
_cLBS1
999 _c54450
_d54450